Netherlands National Team All-Time XI - Statistics

General Stats
  • This quiz has been taken 221 times
  • The average score is 8 of 13
Answer Stats
Position Period Player % Correct
GK 1995-2008 Edwin van der Sar
93%
FW 1966-77 Johan Cruyff
92%
FW 1983-92 Marco van Basten
89%
MF 1981-94 Ruud Gullit
89%
12th player 2003-17 Arjen Robben
81%
DF 1983-94 Ronald Koeman
78%
DF 1990-2004 Frank de Boer
72%
MF 1981-94 Frank Rijkaard
72%
FW 1990-2000 Dennis Bergkamp
58%
MF 1970-81 Johan Neeskens
40%
DF 1969-83 Ruud Krol
31%
Coach 1974/84-88/90-92 Rinus Michels
29%
DF 1966-78 Wim Suurbier
15%
No matching quizzes found
Score Distribution
Percent of People with Each Score
Percentile by Number Answered
Your Score History
You have not taken this quiz